01772cam a2200337 a 4500001000400000003001000004005001700014008004100031020001800072040002500090080002400115090002400139245033000163260003800493300002700531500002200558504002500580590004300605650004000648650003600688650002900724700003200753700003700785700005800822942001200880952014500892952012801037952012801165952012801293999001301421141BR-CuiBMT20231114181006.0230821s2018 mgba 000 0 por d a9788545002468 aBR-CuiBMTcBR-CuiBMT 22007a336.13:657.63 a336.13:657.63bC75900aContas governamentais e responsabilidade fiscal :bdesafios para o controle externo - estudos de ministros e conselheiros substitutos dos tribunais de contas /cLuiz Henrique Lima, Weder de Oliveira, João Batista Camargo, coordenadores ; Juarez Freitas, prefácio ; [autores Alexandre Manir Figueiredo Sarquis ... et al.]. aBelo Horizonte :bFórum,c2017. a371 p. :bil. ;c22 cm aVários autores. aInlcui bibliografia. aA Biblioteca possui a 1. reimpr. 2018. aContas públicasxControlezBrasil aResponsabilidade fiscalzBrasil aControle externozBrasil1 aOliveira, Weder de 4coord.1 aCamargo, João Batista 4coord.1 aSarquis, Alexandre Manir Figueiredo eet al.eautores 2udccLV 00102udc4070aBIBTCEMTbBIBTCEMTd2023-06-28l0o336.13:657.63 C759pBIBTCEMT23080118r2023-08-21tEx. 1w2023-08-21yLVz1. reimpr. 2018 00102udc4070aBIBTCEMTbBIBTCEMTd2023-07-28l0o336.13:657.63 C759pBIBTCEMT23110332r2023-11-09tEx. 2w2023-11-09yLV 00102udc4070aBIBTCEMTbBIBTCEMTd2023-11-22l0o336.13:657.63 C759pBIBTCEMT23110853r2023-11-22tEx. 3w2023-11-22yLV 00102udc4070aBIBTCEMTbBIBTCEMTd2023-11-22l0o336.13:657.63 C759pBIBTCEMT23110854r2023-11-22tEx. 4w2023-11-22yLV c141d141